Statistiche per Libri della Bibbia- antico e nuovo testamento

Clicka qui per fare il quiz!

Statistiche generali

  • Questo quiz è stato fatto 43 volte
  • Il punteggio medio è 20 su 66

Statistiche sulle risposte

Risposta% Corretto
esodo
91%
genesi
91%
deuteronomio
81%
giovanni
81%
luca
81%
marco
81%
matteo
81%
levitico
78%
numeri
75%
apocalisse
63%
atti degli apostoli
63%
isaia
56%
ezechiele
44%
salmi
41%
geremia
38%
giona
34%
abacuc
31%
cantico dei cantici
31%
zaccaria
31%
daniele
28%
giobbe
28%
giosuè
28%
osea
28%
proverbi
28%
romani
28%
rut
28%
lamentazioni
25%
ebrei
22%
ecclesiaste
22%
giacomo
22%
gioele
22%
giudici
22%
malachia
22%
1 re
19%
1 samuele
19%
2 re
19%
2 samuele
19%
colossesi
19%
efesini
19%
ester
19%
galati
19%
giuda
19%
1 pietro
16%
1 tessalonicesi
16%
2 pietro
16%
2 tessalonicesi
16%
aggeo
16%
esdra
16%
neemia
16%
1 cronache
13%
1 giovanni
13%
1 timoteo
13%
2 cronache
13%
2 giovanni
13%
2 timoteo
13%
3 giovanni
13%
abdia
13%
amos
13%
filemone
13%
filippesi
13%
michea
13%
tito
13%
1 corinti
9%
2 corinti
9%
naum
9%
sofonia
9%

Distribuzione punteggi

Percentile per numero di risposta

Percentuale di utenti per punteggio

I tuoi punteggi nel tempo

Non hai fatto questo quiz